[Event "82nd Brazilian-ch 2015"]
[Site "Rio de Janeiro"]
[Date "2016.01.14"]
[Round "7.6"]
[White "Teixeira, Ricardo da Silva"]
[Black "Barbosa, Evandro Amorim"]
[Result "0-1"]
[WhiteElo "2234"]
[BlackElo "2461"]
[PlyCount "166"]
[EventDate "2016.??.??"]
[EventCountry "BRA"]

1. d4 Nf6 2. Nf3 g6 3. Nc3 d5 4. Bf4 c6 5. e3 Bg4 6. Be2 Bg7 7. Ne5 Bxe2 8.
Qxe2 Nbd7 9. g4 Qa5 10. O-O-O Nb6 11. Kb1 Nfd7 12. Nxd7 Nxd7 13. e4 e6 14. exd5
cxd5 15. Nb5 O-O 16. Nc7 Rac8 17. Qb5 Qxb5 18. Nxb5 a6 19. Nd6 Rb8 20. c4 dxc4
21. Nxc4 Ra8 22. g5 b5 23. Ne3 Nb6 24. d5 Nc4 25. Nxc4 bxc4 26. d6 Rfd8 27.
Rhe1 Rab8 28. Be5 Rb6 29. d7 Rb7 30. Bxg7 Kxg7 31. Kc2 Rdxd7 32. Rxd7 Rxd7 33.
Kc3 Rd3+ 34. Kxc4 Rd2 35. Kc3 Rxf2 36. a4 Rxh2 37. b4 h6 38. gxh6+ Rxh6 39. b5
axb5 40. axb5 Rh8 41. Kd4 g5 42. b6 Kg6 43. b7 Rb8 44. Rb1 g4 45. Rb5 f6 46.
Ke4 e5 47. Rb3 Kg5 48. Rb1 f5+ 49. Kxe5 g3 50. Rb2 f4 51. Ke4 Kg4 52. Rb6 Re8+
53. Kd3 Rd8+ 54. Ke4 Re8+ 55. Kd3 f3 56. Rb4+ Kh3 57. b8=Q Rxb8 58. Rxb8 g2 59.
Rh8+ Kg3 60. Rg8+ Kf2 61. Ke4 Ke2 62. Ra8 f2 63. Ra2+ Kd1 64. Ra1+ Kd2 65. Ra2+
Kc3 66. Rxf2 g1=Q 67. Rf3+ Kc4 68. Rf4 Qe1+ 69. Kf3+ Kd5 70. Kg2 Ke5 71. Rf1
Qd2+ 72. Rf2 Qg5+ 73. Kf1 Ke4 74. Re2+ Kd3 75. Rf2 Qg4 76. Rg2 Qd1+ 77. Kf2 Ke4
78. Kg3 Qd6+ 79. Kf2 Qd4+ 80. Kg3 Qe5+ 81. Kf2 Kf4 82. Kf1 Qd4 83. Rf2+ Kg3 0-1

[Event "82nd Brazilian-ch 2015"]
[Site "Rio de Janeiro"]
[Date "2016.01.14"]
[Round "8.1"]
[White "Reis, Renan do Carmo"]
[Black "Barbosa, Evandro Amorim"]
[Result "0-1"]
[WhiteElo "2254"]
[BlackElo "2461"]
[PlyCount "62"]
[EventDate "2016.??.??"]
[EventCountry "BRA"]
[WhiteClock "0:00:45"]
[BlackClock "0:27:53"]

1. e4 c5 2. Nf3 e6 3. b3 a6 4. Bb2 Nc6 5. Nc3 d5 6. exd5 exd5 7. d4 Nf6 8. dxc5
Bxc5 9. Bd3 O-O 10. O-O Bg4 11. h3 Bh5 12. Be2 Re8 13. Ne1 Bg6 14. Nd3 Bd6 15.
Bf3 Bc7 16. g3 Ne4 17. Ne2 Qd7 18. Ndf4 Rad8 19. Nxg6 hxg6 20. Bg2 Bb6 21. Nd4
Rc8 22. Ne2 Qc7 23. Nd4 Qe5 24. Nxc6 Qxb2 25. Nb4 Bxf2+ 26. Rxf2 Nxf2 27. Kxf2
Qf6+ 28. Kg1 Qb6+ 29. Kh1 Qxb4 30. Bxd5 Rc7 31. c4 Rce7 0-1

[Event "82nd Brazilian-ch 2015"]
[Site "Rio de Janeiro"]
[Date "2016.01.14"]
[Round "8.2"]
[White "Santos, Marcus Vinicius M"]
[Black "Teixeira, Ricardo da Silva"]
[Result "1-0"]
[WhiteElo "2367"]
[BlackElo "2234"]
[PlyCount "63"]
[EventDate "2016.??.??"]
[EventCountry "BRA"]

1. d4 e6 2. c4 f5 3. Nc3 Nf6 4. e3 b6 5. Bd3 Bb7 6. f3 Bb4 7. Nge2 c5 8. Qc2
Nc6 9. O-O O-O 10. a3 cxd4 11. exd4 Bd6 12. Nb5 Bb8 13. Be3 a6 14. Nbc3 Bc7 15.
Rad1 Qe8 16. Qd2 Nh5 17. Bc2 Rc8 18. b4 Ne7 19. d5 Ng6 20. Bb3 Rb8 21. c5 bxc5
22. dxe6 dxe6 23. Bxc5 Rf6 24. Qd7 Rc8 25. Qxe8+ Rxe8 26. Rd7 Rf7 27. Rfd1 Bc8
28. R7d2 Nhf4 29. Ba4 Nxe2+ 30. Nxe2 Rfe7 31. Bxe7 Rxe7 32. Rd8+ 1-0

[Event "82nd Brazilian-ch 2015"]
[Site "Rio de Janeiro"]
[Date "2016.01.14"]
[Round "8.4"]
[White "Macedo, Maximo Iack"]
[Black "Santiago, Yago De Moura"]
[Result "1/2-1/2"]
[WhiteElo "2316"]
[BlackElo "2422"]
[PlyCount "108"]
[EventDate "2016.??.??"]
[EventCountry "BRA"]

1. d4 Nf6 2. c4 b6 3. Nc3 Bb7 4. d5 e6 5. a3 Bd6 6. Nf3 O-O 7. g3 exd5 8. cxd5
c6 9. Bg2 Na6 10. Nd4 Be5 11. O-O c5 12. Nf5 d6 13. f4 Bxc3 14. bxc3 Bc8 15.
Ne3 Re8 16. c4 Nc7 17. a4 a6 18. Qd3 Qe7 19. Bf3 Ne4 20. Bxe4 Qxe4 21. Qxe4
Rxe4 22. f5 f6 23. Bd2 Bd7 24. Rfb1 Rb8 25. Kg2 Rb7 26. Kf3 Re8 27. g4 Reb8 28.
Nd1 b5 29. axb5 axb5 30. Bf4 bxc4 31. Rxb7 Rxb7 32. Bxd6 h5 33. Bxc7 hxg4+ 34.
Kxg4 Rxc7 35. Rc1 Ra7 36. Rxc4 g6 37. Ne3 Ra3 38. Kf4 g5+ 39. Ke4 Bb5 40. Rxc5
Ra4+ 41. Kf3 Rf4+ 42. Kg2 Bxe2 43. d6 Bf3+ 44. Kg3 Bh1 45. Nd5 Rf3+ 46. Kg4 Rd3
47. d7 Bf3+ 48. Kg3 Bxd5+ 49. Kf2 Be4 50. Rc8+ Kg7 51. d8=Q Rxd8 52. Rxd8 Bxf5
53. Kg3 Kg6 54. h4 gxh4+ 1/2-1/2

[Event "82nd Brazilian-ch 2015"]
[Site "Rio de Janeiro"]
[Date "2016.01.14"]
[Round "8.5"]
[White "Mekhitarian, Krikor Sevag"]
[Black "Choma, Ernani Francisco"]
[Result "1-0"]
[WhiteElo "2555"]
[BlackElo "2383"]
[PlyCount "71"]
[EventDate "2016.??.??"]
[EventCountry "BRA"]
[WhiteClock "0:12:36"]
[BlackClock "0:02:49"]

1. e4 c5 2. Nf3 Nc6 3. Nc3 e6 4. d4 cxd4 5. Nxd4 Nf6 6. Nxc6 bxc6 7. e5 Nd5 8.
Ne4 Qc7 9. f4 Qb6 10. c4 Bb4+ 11. Ke2 f5 12. exf6 Nxf6 13. Be3 Qa5 14. Nxf6+
gxf6 15. Kf2 Ke7 16. Bd3 Bb7 17. Qe2 Bc5 18. Rhe1 Qb6 19. Bxc5+ Qxc5+ 20. Kf1
h5 21. Rad1 a5 22. Qd2 Rad8 23. b3 Kf7 24. Bc2 Ba6 25. Qd3 Rh6 26. Qh3 Ke7 27.
Bf5 Bc8 28. Bxe6 dxe6 29. Qg3 Rf8 30. Qg7+ Rf7 31. Qxh6 Qf5 32. Qh8 Bd7 33. Qb8
e5 34. Kg1 Rg7 35. Rd2 Qxf4 36. Rxd7+ 1-0

[Event "82nd Brazilian-ch 2015"]
[Site "Rio de Janeiro"]
[Date "2016.01.14"]
[Round "8.6"]
[White "Leitao, Rafael Duailibe"]
[Black "Souza, Rafael Cabral de"]
[Result "1-0"]
[WhiteElo "2633"]
[BlackElo "2159"]
[PlyCount "75"]
[EventDate "2016.??.??"]
[EventCountry "BRA"]
[WhiteClock "0:12:35"]
[BlackClock "0:00:38"]

1. d4 g6 2. c4 Bg7 3. g3 c5 4. d5 d6 5. Nc3 Nf6 6. Bg2 O-O 7. Nf3 Na6 8. O-O
Nc7 9. h3 Rb8 10. a4 b6 11. e4 Nd7 12. Re1 a6 13. Bf1 Ne5 14. Nh4 f6 15. f4 Nf7
16. Nf3 Bd7 17. Ra2 b5 18. b3 Rb7 19. g4 Qb8 20. f5 g5 21. e5 fxe5 22. Nxg5
bxa4 23. bxa4 e4 24. Ncxe4 Ne5 25. Nf3 Nxf3+ 26. Qxf3 Rb3 27. Qf4 Rb4 28. a5
Ne8 29. Ng3 Nf6 30. Rxe7 Nxd5 31. Rxg7+ Kxg7 32. Qh6+ Kg8 33. cxd5 Qe8 34. Qg5+
Kf7 35. Re2 Qd8 36. Qh5+ Kg8 37. Bg5 Qxa5 38. Re7 1-0

[Event "82nd Brazilian-ch 2015"]
[Site "Rio de Janeiro"]
[Date "2016.01.15"]
[Round "9"]
[White "Barbosa, Evandro Amorim"]
[Black "Santos, Marcus Vinicius M"]
[Result "1-0"]
[WhiteElo "2461"]
[BlackElo "2367"]
[PlyCount "77"]
[EventDate "2016.??.??"]
[EventCountry "BRA"]
[TimeControl "5400+30"]

1. e4 {[%emt 0:00:00]} g6 {[%emt 0:00:41]} 2. d4 {[%emt 0:00:00]} Bg7 {[%emt 0:
00:09]} 3. Nc3 {[%emt 0:00:00]} d6 {[%emt 0:00:10]} 4. Be3 {[%emt 0:00:02]} a6
{[%emt 0:00:14]} 5. Qd2 {[%emt 0:00:13]} b5 {[%emt 0:00:26]} 6. a4 {[%emt 0:00:
28]} b4 {[%emt 0:00:48]} 7. Nd1 {[%emt 0:00:14]} Bb7 {[%emt 0:03:25]} 8. f3 {
[%emt 0:00:31]} a5 {[%emt 0:01:22]} 9. c3 {[%emt 0:00:11]} bxc3 {[%emt 0:01:34]
} 10. bxc3 {[%emt 0:00:14]} Nd7 {[%emt 0:00:15]} 11. Bd3 {[%emt 0:01:05]} Ngf6
{[%emt 0:01:44]} 12. Ne2 {[%emt 0:00:57]} e5 {[%emt 0:01:08]} 13. O-O {[%emt 0:
00:30]} d5 {[%emt 0:04:54]} 14. Nf2 {[%emt 0:01:38]} O-O {[%emt 0:01:05]} 15.
Bh6 {[%emt 0:00:39]} c5 {[%emt 0:03:28]} 16. Bxg7 {[%emt 0:01:41]} Kxg7 {
[%emt 0:00:08]} 17. Rab1 {[%emt 0:01:46]} Qc7 {[%emt 0:01:35]} 18. Ng3 {
[%emt 0:03:39]} h6 {[%emt 0:03:15]} 19. Bb5 {[%emt 0:06:49]} Rfd8 {[%emt 0:02:
36]} 20. Ng4 {[%emt 0:08:28]} Nxg4 {[%emt 0:04:45]} 21. fxg4 {[%emt 0:00:44]}
Nf8 {[%emt 0:05:31]} 22. Qf2 {[%emt 0:17:36]} cxd4 {[%emt 0:05:26]} 23. cxd4 {
[%emt 0:00:21]} Qe7 {[%emt 0:08:10]} 24. dxe5 {[%emt 0:11:11]} dxe4 {[%emt 0:
01:01]} 25. Rbe1 {[%emt 0:00:55]} Ne6 {[%emt 0:19:34]} 26. Nxe4 {[%emt 0:08:47]
} Rd4 {[%emt 0:05:41]} 27. Nd6 {[%emt 0:02:32]} Rf4 {[%emt 0:01:07]} 28. Qg3 {
[%emt 0:00:41]} Rxf1+ {[%emt 0:01:26]} 29. Rxf1 {[%emt 0:00:06]} Rf8 {[%emt 0:
00:21]} 30. Bc4 {[%emt 0:05:41]} Bc6 {[%emt 0:01:12]} 31. h4 {[%emt 0:01:31]}
Qa7+ {[%emt 0:02:55]} 32. Kh2 {[%emt 0:00:13]} Qd4 {[%emt 0:03:13]} 33. Rf6 {
[%emt 0:02:27]} Bd5 {[%emt 0:02:35]} 34. Bd3 {[%emt 0:05:33]} Qb2 {[%emt 0:02:
18]} 35. Nf5+ {[%emt 0:02:59]} Kh7 {[%emt 0:00:40]} 36. Ne3 {[%emt 0:02:45]}
Bb3 {[%emt 0:01:21]} 37. h5 {[%emt 0:00:23]} Qd4 {[%emt 0:00:58]} 38. hxg6+ {
[%emt 0:00:37]} Kg8 {[%emt 0:00:46]} 39. Nf5 {[%emt 0:00:45]} 1-0

[Event "82nd Brazilian-ch 2015"]
[Site "Rio de Janeiro"]
[Date "2016.01.15"]
[Round "9"]
[White "Brito, Luismar"]
[Black "Macedo, Maximo Iack"]
[Result "1/2-1/2"]
[WhiteElo "2235"]
[BlackElo "2316"]
[PlyCount "29"]
[EventDate "2016.??.??"]
[EventCountry "BRA"]
[TimeControl "5400+30"]

1. e4 g6 2. d4 Bg7 3. Be2 d6 4. Nf3 Nf6 5. Nc3 O-O 6. O-O Na6 7. h3 c5 8. d5 e6
9. Re1 exd5 10. exd5 Nc7 11. a4 b6 12. Ra3 Bb7 13. Bc4 Re8 14. Rxe8+ Qxe8 15.
Qd3 1/2-1/2

[Event "82nd Brazilian-ch 2015"]
[Site "Rio de Janeiro"]
[Date "2016.01.15"]
[Round "9"]
[White "Choma, Ernani Francisco"]
[Black "Leitao, Rafael Duailibe"]
[Result "1/2-1/2"]
[WhiteElo "2383"]
[BlackElo "2633"]
[PlyCount "76"]
[EventDate "2016.??.??"]
[EventCountry "BRA"]
[TimeControl "5400+30"]

1. Nf3 {[%emt 0:00:40]} d5 {[%emt 0:02:39]} 2. g3 {[%emt 0:00:27]} Nf6 {
[%emt 0:00:43]} 3. Bg2 {[%emt 0:00:29]} c6 {[%emt 0:00:39]} 4. c4 {[%emt 0:01:
23]} Bg4 {[%emt 0:01:18]} 5. Ne5 {[%emt 0:00:56]} Be6 {[%emt 0:00:18]} 6. cxd5
{[%emt 0:00:33]} Bxd5 {[%emt 0:00:10]} 7. Nf3 {[%emt 0:00:06]} c5 {[%emt 0:01:
38]} 8. Nc3 {[%emt 0:02:53]} Bc6 {[%emt 0:00:09]} 9. O-O {[%emt 0:01:02]} e6 {
[%emt 0:00:24]} 10. d4 {[%emt 0:11:14]} Nbd7 {[%emt 0:00:56]} 11. Re1 {[%emt 0:
03:03]} cxd4 {[%emt 0:02:24]} 12. Nxd4 {[%emt 0:01:28]} Bxg2 {[%emt 0:00:06]}
13. Kxg2 {[%emt 0:00:07]} Bc5 {[%emt 0:10:38]} 14. Nb3 {[%emt 0:32:44]} Bb4 {
[%emt 0:07:35]} 15. Bd2 {[%emt 0:02:57]} O-O {[%emt 0:01:35]} 16. a3 {[%emt 0:
01:28]} Be7 {[%emt 0:00:47]} 17. Bf4 {[%emt 0:07:33]} Qb6 {[%emt 0:13:47]} 18.
e4 {[%emt 0:00:31]} Rfd8 {[%emt 0:02:25]} 19. Qc2 {[%emt 0:00:06]} e5 {[%emt 0:
02:09]} 20. Be3 {[%emt 0:05:01]} Qe6 {[%emt 0:00:21]} 21. f3 {[%emt 0:01:26]}
Rac8 {[%emt 0:01:30]} 22. Red1 {[%emt 0:03:37]} a6 {[%emt 0:00:50]} 23. Rd3 {
[%emt 0:01:55]} Nb6 {[%emt 0:11:55]} 24. Na5 {[%emt 0:01:40]} Nc4 {[%emt 0:00:
48]} 25. Nxc4 {[%emt 0:01:19]} Qxc4 {[%emt 0:00:20]} 26. Rad1 {[%emt 0:00:41]}
h6 {[%emt 0:00:53]} 27. Rxd8+ {[%emt 0:01:54]} Bxd8 {[%emt 0:00:50]} 28. Qa4 {
[%emt 0:00:59]} Qxa4 {[%emt 0:02:30]} 29. Nxa4 {[%emt 0:00:13]} Be7 {[%emt 0:
00:26]} 30. Rc1 {[%emt 0:00:55]} Rxc1 {[%emt 0:01:23]} 31. Bxc1 {[%emt 0:00:04]
} b5 {[%emt 0:00:36]} 32. Nc3 {[%emt 0:00:35]} Bc5 {[%emt 0:01:07]} 33. Kf1 {
[%emt 0:01:42]} Kf8 {[%emt 0:00:24]} 34. Ke2 {[%emt 0:00:45]} Ke7 {[%emt 0:07:
05]} 35. Kd3 {[%emt 0:00:41]} Kd6 {[%emt 0:01:57]} 36. Bd2 {[%emt 0:03:37]} Kc6
{[%emt 0:09:29]} 37. b4 {[%emt 0:07:09]} Bd4 {[%emt 0:05:53]} 38. Nd1 {[%emt 0:
00:43]} h5 {[%emt 0:01:25]} 1/2-1/2

[Event "82nd Brazilian-ch 2015"]
[Site "Rio de Janeiro"]
[Date "2016.01.15"]
[Round "9"]
[White "Santiago, Yago De Moura"]
[Black "Mekhitarian, Krikor Sevag"]
[Result "0-1"]
[WhiteElo "2422"]
[BlackElo "2555"]
[PlyCount "60"]
[EventDate "2016.??.??"]
[EventCountry "BRA"]
[TimeControl "5400+30"]

1. c4 {[%emt 0:00:22]} Nf6 2. Nc3 {[%emt 0:00:16]} e5 {[%emt 0:07:32]} 3. g3 {
[%emt 0:00:12]} Bb4 {[%emt 0:00:37]} 4. Nd5 Nxd5 {[%emt 0:02:58]} 5. cxd5 {
[%emt 0:00:14]} O-O {[%emt 0:00:54]} 6. Bg2 {[%emt 0:00:05]} d6 {[%emt 0:08:35]
} 7. e3 {[%emt 0:00:17]} c6 {[%emt 0:06:50]} 8. a3 {[%emt 0:01:05]} Ba5 {
[%emt 0:00:44]} 9. dxc6 {[%emt 0:01:54]} Nxc6 10. Ne2 {[%emt 0:00:37]} d5 {
[%emt 0:06:45]} 11. b4 {[%emt 0:00:19]} Bb6 {[%emt 0:04:06]} 12. d3 {[%emt 0:
00:24]} a6 {[%emt 0:10:30]} 13. O-O {[%emt 0:04:16]} Re8 {[%emt 0:00:24]} 14.
Kh1 {[%emt 0:00:52]} Be6 {[%emt 0:10:32]} 15. f4 {[%emt 0:04:27]} Qd7 {[%emt 0:
01:07]} 16. fxe5 {[%emt 0:01:07]} Nxe5 {[%emt 0:00:07]} 17. Nf4 {[%emt 0:00:14]
} f6 {[%emt 0:05:30]} 18. d4 {[%emt 0:12:48]} Nf7 {[%emt 0:03:55]} 19. Nxe6 {
[%emt 0:02:20]} Qxe6 {[%emt 0:00:07]} 20. Qf3 {[%emt 0:00:32]} Rad8 {[%emt 0:
00:39]} 21. h4 {[%emt 0:00:29]} Nh6 {[%emt 0:03:12]} 22. Bd2 {[%emt 0:00:34]}
f5 {[%emt 0:06:35]} 23. Qh5 {[%emt 0:23:11]} Rf8 {[%emt 0:01:33]} 24. Qf3 {
[%emt 0:02:45]} Ng4 {[%emt 0:00:30]} 25. Rac1 {[%emt 0:00:37]} g6 {[%emt 0:00:
51]} 26. Rc2 {[%emt 0:02:40]} Rfe8 {[%emt 0:05:10]} 27. Rfc1 {[%emt 0:01:19]}
Nxe3 {[%emt 0:04:29]} 28. Re1 {[%emt 0:01:33]} Bxd4 {[%emt 0:00:42]} 29. Rc3 {
[%emt 0:02:32]} Bxc3 {[%emt 0:00:57]} 30. Rxe3 {[%emt 0:00:07]} Be5 {[%emt 0:
00:02]} 0-1

[Event "82nd Brazilian-ch 2015"]
[Site "Rio de Janeiro"]
[Date "2016.01.15"]
[Round "9"]
[White "Souza, Rafael Cabral de"]
[Black "Reis, Renan do Carmo"]
[Result "1-0"]
[WhiteElo "2159"]
[BlackElo "2254"]
[PlyCount "69"]
[EventDate "2016.??.??"]
[EventCountry "BRA"]
[TimeControl "5400+30"]

1. e4 c5 2. Nf3 d6 3. d4 cxd4 4. Nxd4 Nf6 5. Nc3 a6 6. Bg5 Nbd7 7. f4 Qc7 8.
Qe2 e6 9. O-O-O Be7 10. g4 b5 11. a3 Rb8 12. Bg2 b4 13. axb4 Rxb4 14. e5 dxe5
15. Nc6 Bb7 16. Nxb4 Bxb4 17. Bxb7 Qxb7 18. Na2 exf4 19. Bxf4 O-O 20. Nxb4 Qxb4
21. Bd6 Qa4 22. Bxf8 Kxf8 23. Kb1 Nd5 24. Rhe1 N7b6 25. Qe5 Qb5 26. Qb8+ Ke7
27. Rd3 Qb4 28. Qb7+ Kf8 29. Rf1 f6 30. g5 Nc4 31. Qxb4+ Nxb4 32. Rd4 Ne3 33.
Rf3 Nexc2 34. Rd7 e5 35. Rc3 1-0

[Event "82nd Brazilian-ch 2015"]
[Site "Rio de Janeiro"]
[Date "2016.01.15"]
[Round "9"]
[White "Teixeira, Ricardo da Silva"]
[Black "Limp, Eduardo Thelio"]
[Result "1/2-1/2"]
[WhiteElo "2234"]
[BlackElo "2385"]
[PlyCount "143"]
[EventDate "2016.??.??"]
[EventCountry "BRA"]
[TimeControl "5400+30"]

1. d4 {[%emt 0:19:22]} d5 {[%emt 0:00:00]} 2. Nf3 {[%emt 0:00:28]} c6 {[%emt 0:
00:46]} 3. c4 {[%emt 0:01:06]} Nf6 {[%emt 0:00:09]} 4. Qc2 {[%emt 0:00:31]} g6
{[%emt 0:00:49]} 5. Bf4 {[%emt 0:00:14]} Bg7 {[%emt 0:01:22]} 6. cxd5 {[%emt 0:
03:33]} Nxd5 {[%emt 0:04:19]} 7. Bg3 {[%emt 0:02:11]} O-O {[%emt 0:00:34]} 8.
Nc3 {[%emt 0:01:10]} Nxc3 {[%emt 0:01:16]} 9. bxc3 {[%emt 0:00:25]} c5 {
[%emt 0:00:30]} 10. e3 {[%emt 0:00:59]} Nc6 {[%emt 0:00:34]} 11. Be2 {[%emt 0:
04:58]} cxd4 {[%emt 0:01:19]} 12. cxd4 {[%emt 0:00:40]} Qa5+ {[%emt 0:06:59]}
13. Qd2 {[%emt 0:01:05]} Qxd2+ {[%emt 0:00:09]} 14. Kxd2 {[%emt 0:03:39]} Rd8 {
[%emt 0:00:09]} 15. Kc3 {[%emt 0:05:24]} Bf5 {[%emt 0:00:28]} 16. Rac1 {
[%emt 0:00:39]} Rac8 {[%emt 0:03:15]} 17. Kb3 {[%emt 0:01:10]} Be4 {[%emt 0:00:
22]} 18. Rhd1 {[%emt 0:02:48]} Bd5+ {[%emt 0:03:27]} 19. Kb2 {[%emt 0:00:58]}
e6 {[%emt 0:04:05]} 20. Bh4 {[%emt 0:13:52]} f6 {[%emt 0:00:34]} 21. Bc4 {
[%emt 0:00:47]} Na5 {[%emt 0:02:09]} 22. Bxd5 {[%emt 0:00:33]} exd5 {[%emt 0:
00:07]} 23. Nd2 {[%emt 0:11:17]} Kf7 {[%emt 0:00:46]} 24. Bg3 {[%emt 0:00:03]}
b6 {[%emt 0:02:31]} 25. Rxc8 {[%emt 0:03:26]} Rxc8 {[%emt 0:00:09]} 26. Bd6 {
[%emt 0:00:20]} Ke6 {[%emt 0:00:50]} 27. Bb4 {[%emt 0:00:48]} Nc4+ {[%emt 0:00:
13]} 28. Nxc4 {[%emt 0:00:19]} Rxc4 {[%emt 0:00:07]} 29. Bd2 {[%emt 0:01:28]}
f5 {[%emt 0:01:18]} 30. Rc1 {[%emt 0:00:51]} b5 {[%emt 0:00:07]} 31. Rc3 {
[%emt 0:06:09]} Bf8 {[%emt 0:00:28]} 32. f3 {[%emt 0:01:36]} Bd6 {[%emt 0:03:
22]} 33. h3 {[%emt 0:01:18]} Kd7 {[%emt 0:00:31]} 34. Rxc4 {[%emt 0:01:45]}
bxc4 {[%emt 0:01:02]} 35. e4 {[%emt 0:01:57]} fxe4 {[%emt 0:00:37]} 36. fxe4 {
[%emt 0:00:12]} Ke6 {[%emt 0:00:05]} 37. e5 {[%emt 0:00:32]} Be7 {[%emt 0:02:
51]} 38. g4 {[%emt 0:00:25]} h5 {[%emt 0:00:31]} 39. Bc3 {[%emt 0:01:16]} hxg4
{[%emt 0:00:27]} 40. hxg4 {[%emt 0:00:09]} Kd7 {[%emt 0:00:45]} 41. Kc2 {
[%emt 0:00:39]} Kc6 {[%emt 0:00:10]} 42. a4 {[%emt 0:00:07]} a6 {[%emt 0:00:23]
} 43. Kd1 {[%emt 0:00:21]} Bd8 {[%emt 0:01:05]} 44. Ke2 {[%emt 0:00:31]} Kd7 {
[%emt 0:00:17]} 45. Kf3 {[%emt 0:00:36]} Ke6 {[%emt 0:00:23]} 46. Kf4 {[%emt 0:
00:44]} Be7 {[%emt 0:00:08]} 47. Kf3 {[%emt 0:00:22]} Kf7 {[%emt 0:00:11]} 48.
Ke2 {[%emt 0:00:35]} Kg7 {[%emt 0:00:16]} 49. Kd1 {[%emt 0:00:32]} Bg5 {
[%emt 0:01:19]} 50. Bd2 {[%emt 0:00:23]} Bh4 {[%emt 0:00:17]} 51. Be1 {[%emt 0:
00:32]} Bd8 {[%emt 0:00:50]} 52. Ke2 {[%emt 0:01:01]} Bb6 {[%emt 0:00:15]} 53.
Bc3 {[%emt 0:00:17]} Bd8 {[%emt 0:00:25]} 54. Bd2 {[%emt 0:00:29]} Be7 {
[%emt 0:00:11]} 55. Bc3 {[%emt 0:00:20]} Ba3 {[%emt 0:00:11]} 56. Kd1 {[%emt 0:
00:15]} Kf7 {[%emt 0:00:36]} 57. Kc2 {[%emt 0:00:18]} Ke6 {[%emt 0:00:07]} 58.
Bd2 {[%emt 0:00:32]} Be7 {[%emt 0:00:11]} 59. Kd1 {[%emt 0:00:17]} Kd7 {
[%emt 0:00:08]} 60. Ke2 {[%emt 0:00:35]} Kc6 {[%emt 0:00:14]} 61. Bc3 {[%emt 0:
00:37]} Bd8 {[%emt 0:00:19]} 62. Kf3 {[%emt 0:00:14]} Bh4 {[%emt 0:00:33]} 63.
Bd2 {[%emt 0:00:30]} Be7 {[%emt 0:00:13]} 64. Ke2 {[%emt 0:00:34]} Ba3 {
[%emt 0:00:25]} 65. Bc3 {[%emt 0:00:21]} Bc1 {[%emt 0:00:13]} 66. Kd1 {[%emt 0:
00:33]} Bf4 {[%emt 0:00:57]} 67. Ke2 {[%emt 0:01:44]} Kd7 {[%emt 0:00:17]} 68.
Bd2 {[%emt 0:00:31]} g5 {[%emt 0:00:17]} 69. Bc3 {[%emt 0:01:05]} Ke6 {[%emt 0:
00:12]} 70. Kd1 {[%emt 0:00:17]} Kd7 {[%emt 0:01:03]} 71. Kc2 {[%emt 0:00:26]}
Be3 {[%emt 0:00:19]} 72. Kd1 {[%emt 0:00:21]} 1/2-1/2

[Event "82nd Brazilian-ch 2015"]
[Site "Rio de Janeiro"]
[Date "2016.01.16"]
[Round "10"]
[White "Leitao, Rafael Duailibe"]
[Black "Santiago, Yago De Moura"]
[Result "1/2-1/2"]
[WhiteElo "2633"]
[BlackElo "2422"]
[PlyCount "86"]
[EventDate "2016.??.??"]
[EventCountry "BRA"]
[TimeControl "5400+30"]

1. d4 {[%emt 0:01:33]} Nf6 2. Nf3 e6 {[%emt 0:02:30]} 3. c4 {[%emt 0:01:01]} b6
{[%emt 0:00:05]} 4. g3 {[%emt 0:00:28]} Ba6 {[%emt 0:00:08]} 5. b3 {[%emt 0:02:
06]} Bb4+ {[%emt 0:00:24]} 6. Bd2 {[%emt 0:00:11]} Be7 {[%emt 0:00:08]} 7. Bg2
{[%emt 0:05:40]} c6 {[%emt 0:00:33]} 8. Bc3 {[%emt 0:00:53]} d5 {[%emt 0:00:10]
} 9. Ne5 {[%emt 0:01:39]} Nfd7 {[%emt 0:01:28]} 10. Nxd7 {[%emt 0:00:08]} Nxd7
{[%emt 0:00:08]} 11. Nd2 {[%emt 0:00:04]} O-O {[%emt 0:00:12]} 12. O-O {
[%emt 0:00:06]} Rc8 {[%emt 0:04:02]} 13. Re1 {[%emt 0:03:03]} c5 {[%emt 0:06:
08]} 14. cxd5 {[%emt 0:00:24]} exd5 {[%emt 0:00:08]} 15. a3 {[%emt 0:11:24]}
Nf6 {[%emt 0:00:45]} 16. Qb1 {[%emt 0:10:52]} Re8 {[%emt 0:07:55]} 17. Qb2 {
[%emt 0:01:38]} Bf8 {[%emt 0:00:15]} 18. dxc5 {[%emt 0:04:13]} bxc5 {[%emt 0:
01:11]} 19. Bxf6 {[%emt 0:01:21]} gxf6 {[%emt 0:00:51]} 20. e3 {[%emt 0:02:24]}
Bb7 {[%emt 0:10:15]} 21. Qc2 {[%emt 0:04:34]} Qb6 {[%emt 0:00:42]} 22. Rad1 {
[%emt 0:04:17]} Rcd8 {[%emt 0:01:43]} 23. Nb1 {[%emt 0:02:26]} d4 {[%emt 0:02:
22]} 24. Bxb7 {[%emt 0:02:24]} Qxb7 {[%emt 0:06:48]} 25. Nd2 {[%emt 0:06:20]}
d3 {[%emt 0:07:33]} 26. Qc4 {[%emt 0:02:59]} f5 {[%emt 0:00:12]} 27. Qf4 {
[%emt 0:02:01]} Rd5 {[%emt 0:01:11]} 28. Qf3 {[%emt 0:02:33]} Qd7 {[%emt 0:01:
01]} 29. e4 {[%emt 0:06:13]} Rde5 {[%emt 0:14:37]} 30. Re3 {[%emt 0:00:37]} Qe7
{[%emt 0:00:10]} 31. exf5 {[%emt 0:02:11]} Rxe3 {[%emt 0:00:08]} 32. Qxe3 {
[%emt 0:02:07]} Qxe3 {[%emt 0:00:21]} 33. fxe3 {[%emt 0:00:04]} Bh6 {[%emt 0:
02:27]} 34. e4 {[%emt 0:05:25]} Rb8 {[%emt 0:02:45]} 35. Kf2 {[%emt 0:07:01]}
Bxd2 {[%emt 0:00:18]} 36. Rxd2 {[%emt 0:00:03]} Rxb3 {[%emt 0:00:10]} 37. Ke3 {
[%emt 0:00:05]} c4 {[%emt 0:02:40]} 38. Ra2 {[%emt 0:01:46]} Rb1 {[%emt 0:16:
04]} 39. Kd2 {[%emt 0:00:18]} Kg7 {[%emt 0:01:26]} 40. Kc3 {[%emt 0:00:25]}
Rc1+ {[%emt 0:01:53]} 41. Kd2 {[%emt 0:00:10]} Rf1 {[%emt 0:01:55]} 42. Kc3 {
[%emt 0:00:46]} Rc1+ {[%emt 0:01:52]} 43. Kd2 {[%emt 0:00:04]} Rf1 1/2-1/2

[Event "82nd Brazilian-ch 2015"]
[Site "Rio de Janeiro"]
[Date "2016.01.16"]
[Round "10"]
[White "Limp, Eduardo Thelio"]
[Black "Barbosa, Evandro Amorim"]
[Result "0-1"]
[WhiteElo "2385"]
[BlackElo "2461"]
[PlyCount "68"]
[EventDate "2016.??.??"]
[EventCountry "BRA"]
[TimeControl "5400+30"]

1. d4 {[%emt 0:00:00]} Nf6 {[%emt 0:00:00]} 2. Nf3 {[%emt 0:00:00]} g6 {
[%emt 0:00:00]} 3. c3 {[%emt 0:00:20]} Bg7 {[%emt 0:00:14]} 4. Qc2 {[%emt 0:00:
08]} d5 {[%emt 0:00:15]} 5. Bf4 {[%emt 0:00:09]} O-O {[%emt 0:00:13]} 6. Nbd2 {
[%emt 0:00:07]} Nh5 {[%emt 0:00:35]} 7. Be5 {[%emt 0:00:10]} f6 {[%emt 0:00:13]
} 8. Bg3 {[%emt 0:00:09]} e5 {[%emt 0:00:10]} 9. dxe5 {[%emt 0:00:42]} Nxg3 {
[%emt 0:00:05]} 10. hxg3 {[%emt 0:00:26]} fxe5 11. e4 {[%emt 0:00:42]} c6 {
[%emt 0:00:13]} 12. O-O-O {[%emt 0:01:54]} Qe7 {[%emt 0:00:07]} 13. Bd3 {
[%emt 0:03:04]} Na6 {[%emt 0:06:27]} 14. Rde1 {[%emt 0:01:54]} Nc5 {[%emt 0:12:
48]} 15. exd5 {[%emt 0:00:18]} Nxd3+ {[%emt 0:04:07]} 16. Qxd3 {[%emt 0:00:25]}
Bf5 {[%emt 0:00:06]} 17. Qc4 {[%emt 0:11:05]} cxd5 {[%emt 0:04:08]} 18. Qxd5+ {
[%emt 0:01:12]} Be6 {[%emt 0:00:16]} 19. Qa5 {[%emt 0:07:03]} Rac8 {[%emt 0:01:
31]} 20. Ne4 {[%emt 0:00:32]} b6 {[%emt 0:03:55]} 21. Qa4 {[%emt 0:01:12]} b5 {
[%emt 0:07:57]} 22. Qxb5 {[%emt 0:00:19]} Bxa2 {[%emt 0:00:34]} 23. Nfg5 {
[%emt 0:02:16]} Bc4 {[%emt 0:06:49]} 24. Qa4 {[%emt 0:00:22]} h6 {[%emt 0:02:
04]} 25. Nf3 {[%emt 0:01:45]} Qe6 {[%emt 0:04:05]} 26. Rd1 {[%emt 0:04:03]} Rc6
{[%emt 0:06:52]} 27. Nd6 {[%emt 0:07:02]} Bd5 {[%emt 0:04:56]} 28. Rxd5 {
[%emt 0:04:26]} Qxd5 {[%emt 0:00:14]} 29. Rd1 {[%emt 0:00:06]} Qc5 {[%emt 0:02:
12]} 30. Qb3+ {[%emt 0:00:39]} Kh7 {[%emt 0:00:28]} 31. Rh1 {[%emt 0:04:07]}
Rxd6 {[%emt 0:06:41]} 32. Ng5+ {[%emt 0:03:08]} Kh8 {[%emt 0:00:33]} 33. Qb7 {
[%emt 0:00:39]} Qd5 {[%emt 0:01:54]} 34. Rxh6+ {[%emt 0:03:08]} Kg8 {[%emt 0:
00:05]} 0-1